| 000 | 00608nam a22001697a 4500 | ||
|---|---|---|---|
| 005 | 20160513115135.0 | ||
| 008 | 160513b ck||||| |||| 00| 0 spa d | ||
| 020 | _a9584441942 | ||
| 050 | 0 | 4 |
_aPQ7389 .L49 _bD87 2008 |
| 100 | 1 | _aDuchesne Winter, Juan | |
| 245 | 1 | 4 |
_aDel príncipe moderno al señor barroco : _bla república de la amistad en Paradiso, de José Lezama Lima / _cJuan Duchesne Winter |
| 250 | _a1a ed. | ||
| 260 |
_aCali, Colombia : _bArchivos del Índice, _c2008. |
||
| 300 |
_a131 p. ; _c22 cm. |
||
| 600 | 1 |
_aLezama Lima, José, _d1910-1976 _xCrítica e interpretación. |
|
| 942 |
_2lcc _cLIB |
||
| 999 |
_c116638 _d116638 |
||